000 aam a22 a 4500
999 _c4638
_d4638
003 AKMAL
005 20170711091139.0
008 170711s2015 my a g f000 0 may d
082 0 4 _a338.9595 RIN
_223
090 0 0 _a338.9595
_bRIN
245 0 0 _aRingkasan Eksekutif RANCANGAN MALAYSIA KESEBELAS 2016-2020 :
_bPERTUMBUHAN BERPAKSIKAN RAKYAT
264 1 _aPutrajaya :
_bUnit Perancang Ekonomi, Jabatan Perdana Menteri,
_c[2015]
300 _a38 pages :
_bcolour illustrations ;
_c23 cm
650 1 0 _aEconomic forecasting
_zMalaysia
_982
650 2 0 _aEconomic development projects
_zMalaysia
_91337
651 0 _aMalaysia
_xEconomic policy
_y2016-2020
_91338
710 1 _aMalaysia.
_bJabatan Perdana Menteri.
_bUnit Perancang Ekonomi,
_eissuing body.
_98922
942 _2ddc
_cBOOK